Move Forward & Stay Involved (Record no. 42807)

MARC details
000 -LEADER
fixed length control field 00304nam a2200121Ia 4500
008 - FIXED-LENGTH DATA ELEMENTS--GENERAL INFORMATION
fixed length control field 241028s9999 xx 000 0 und d
041 ## - LANGUAGE CODE
Language code of text/sound track or separate title eng
082 ## - DEWEY DECIMAL CLASSIFICATION NUMBER
Classification number 613.71 MIS
100 ## - MAIN ENTRY--PERSONAL NAME
Personal name Mishra
245 ## - TITLE STATEMENT
Title Move Forward & Stay Involved
260 ## - PUBLICATION, DISTRIBUTION, ETC.
Name of publisher, distributor, etc. Raghav Books
Place of publication, distribution, etc. Ghaziabad U.P
Date of publication, distribution, etc. 2020
300 ## - PHYSICAL DESCRIPTION
Extent 232;. P. 22 cm
Holdings
Withdrawn status Lost status Damaged status Not for loan Home library Current library Shelving location Date acquired Cost, normal purchase price Full call number Barcode Date last seen Cost, replacement price Price effective from Koha item type
        IMTN IMTN Rack 19-B 07/03/2024 139.30 613.71 MIS 33236 10/28/2024 199.00 10/28/2024 Books
Designed & Maintained by: LRC IMT Nagpur Contact: lrc@imtnag.ac.in© 2024. All Rights Reserved.